Detalles gráficos para arquitectos
| Main Author: | |
|---|---|
| Format: | Section = Libro |
| Language: | Undetermined Spanish |
| Published: |
Barcelona
Gustavo Gili
1968
|
| Edition: | 2a.ed. |
| Subjects: |
| LEADER | 00505nam a2200193Ia 4500 | ||
|---|---|---|---|
| 008 | 240829s9999 xx 000 0 und d | ||
| 040 | |a BIBLIOTECA-RUSB/ 720.28 K31 | ||
| 041 | |a spa | ||
| 082 | |a 720.28 K31 | ||
| 100 | 1 | |a Kemmerich, Carl | |
| 245 | 1 | 0 | |a Detalles gráficos para arquitectos |
| 250 | |a 2a.ed. | ||
| 260 | |a Barcelona |b Gustavo Gili |c 1968 | ||
| 300 | |a 162 p. :il. | ||
| 650 | 7 | |a DIBUJO ARQUITECTONICO | |
| 650 | 7 | |b ARQUITECTURA-DISEÑO Y PLANOS | |
| 942 | |c BK |2 ddc | ||
| 991 | |a TEXTO | ||
| 999 | |c 4997 | ||